Fenerbahce - Tous les joueurs de 2010 à 2025 - Statistiques

Statistiques générales
  • Ce quiz a été pris 52 fois
  • Le résultat moyen est 48 sur 222
Statistiques - réponses
Saisons Nationalité Joueur Nombre
De Matchs
Poste % Correct
2023 - 2025 Bosnie EdinDzeko 99 A
72%
2010 - 2013 Brésil Alex 84 M
67%
2021 - 2023 Turquie ArdaGuler 51 M
67%
2010 - 2019 Turquie VolkanDemirel 311 G
67%
2015 - 2016 Sénégal AbdoulayeBa 18 D
64%
2010 - 20162020 - 2021 Turquie CanerErkin 250 D
56%
2023 - 2025 Serbie DusanTadic 109 A
56%
2011 - 20152016 - 2017 Sénégal MoussaSow 185 A
56%
2010 - 20162020 - 2021 Turquie GokhanGonul 234 D
54%
2022 - 2024 Turquie EmreMor 49 A
51%
2020 - 2023 Equateur EnnerValencia 116 A
51%
2012 - 2015 Pays - Bas DirkKuyt 130 A
49%
2023 - 2025 Croatie DominikLivakovic 74 G
49%
2020 - 20212022 - Turquie IsmailYuksek 110 M
49%
2012 - 2019 Turquie MehmetTopal 298 M
49%
2020 - 2022 Allemagne MesutOzil 37 M
49%
2024 - Slovaquie MilanSkriniar 23 D
49%
2021 - 2022 CoréeDu Sud Min - JaeKim 40 D
49%
2024 - Maroc YoussefEn Nesyri 52 A
49%
2019 - 2023 Turquie AltayBayindir 145 G
46%
2020 - 2025 Nigéria BrightOsayi-Samuel 178 D
46%
2018 - 2024 Turquie FerdiKadioglu 204 D
46%
2018 - 2019 Algérie IslamSlimani 25 A
46%
2011 - 2013 Turquie OrhanSam 35 D
46%
2015 - 2018 Pays - Bas RobinVan Persie 87 A
46%
2023 - Pologne SebastianSzymanski 108 M
46%
2015 - 2017 Turquie VolkanSen 76 A
46%
2017 - 2019 MacédoineDu Nord EljifElmas 47 M
44%
2013 - 20152016 - 2017 Nigéria EmmanuelEmenike 93 A
44%
2023 - Brésil Fred 81 M
44%
2015 - 2016 Portugal Nani 47 A
44%
2024 - Brésil AndersonTalisca 23 M
41%
2020 - Turquie Irfan CanKahveci 171 M/A
41%
2022 - Pays - Bas JaydenOosterwolde 62 D
41%
2022 - 2024 Belgique MichyBatshuayi 75 A
41%
2010 - 20132016 - 2017 Slovaquie MiroslavStoch 122 A
41%
2019 - 2020 Kosovo VedatMuriqi 36 A
41%
2020 - 2021 Tanzanie AllySamatta 33 A
38%
2020 - 2023 Hongrie AttliaSzalai 117 D
38%
2017 - 2019 France MathieuValbuena 71 M
38%
2017 - 2020 Chili MauricioIsla 91 D
38%
2010 - 2016 Turquie MehmetTopuz 175 M
38%
2010 - 2015 Turquie MertGunok 50 G
38%
2020 - Turquie Mert HakanYandas 149 M
38%
2018 - 20202021 - 2024 Slovénie MihaZajc 123 M
38%
2015 - 2017 Danemark SimonKjaer 88 D
38%
2024 - 2025 Maroc SofyanAmrabat 45 M
38%
2023 - 2025 Ghana AlexanderDjiku 75 D
36%
2018 - 2019 Turquie DenizYilmaz 1 D
36%
2016 - 2019 Slovaquie MartinSkrtel 119 D
36%
2023 - Turquie MertMuldur 77 D
36%
2015 - 20182019 - 2022 Turquie OzanTufan 182 M
36%
2012 - 2016 Portugal RaulMeireles 105 M
36%
2010 - 2015 Turquie SelcukSahin 143 M
36%
2013 - 2020 Turquie AlperPotuk 214 M/A
33%
2013 - 2016 Portugal BrunoAlves 101 D
33%
2023 - Turquie CaglarSoyuncu 56 D
33%
2017 - 2019 Cameroun CarlosKameni 16 G
33%
2010 - 20152019 - 2020 Turquie EmreBelozoglu 148 M
33%
2015 - 2018 Brésil Fernandao 104 A
33%
2012 - 2020 Turquie Hasan AliKaldirim 246 D
33%
2019 - 2020 Allemagne MaxKruse 23 A
33%
2017 - 2019 Espagne RobertoSoldado 59 A
33%
2023 - Brésil RodrigoBecao 37 D
33%
2018 - 2025 Turquie SerdarAziz 135 D
33%
2024 - Turquie CenkTosun 22 A
31%
2020 - 2021 Argentine DiegoPerotti 4 A
31%
2018 - 2019 Mexique DiegoReyes 14 D
31%
2021 - 2023 Uruguay DiegoRossi 90 M/A
31%
2020 - 2022 Grèce DimitriosPelkas 67 M
31%
2019 - 2020 Cap - Vert GarryRodrigues 29 A
31%
2019 - 2022 Brésil LuizGustavo 97 M
31%
2017 - 2021 Maroc NabilDirar 89 D/M/A
31%
2024 - Turquie OguzAydin 30 A
31%
2020 - 2021 Sénégal Papis DembaCissé 28 A
31%
2012 - 2015 Cameroun PierreWebo 89 A
31%
2010 - 2013 Turquie SemihSenturk 84 A
31%
2018 - 2019 Algérie YassineBenzia 20 M
31%
2019 - 2020 France AdilRami 7 D
28%
2023 - 2024 Turquie Ahmet NecatAydin 1 D
28%
2010 - 2011 Uruguay DiegoLugano 32 D
28%
2017 - 2018 Brésil Giuliano 37 M
28%
2013 - 2014 Turquie Ibrahim SerdarAydin 2 M
28%
2022 - Turquie Irfan CanEgribayat 47 G
28%
2020 - 2022 Argentine JoséSosa 63 M
28%
2021 - 2024 Portugal MiguelCrespo 80 M
28%
2022 - 2023 Brésil WillianArao 45 M
28%
2023 - 2024 Turquie GorkemDemirel 1 A
26%
2018 - 2021 Turquie HarunTekin 47 G
26%
2018 - 2020 Brésil Jailson 63 M
26%
2016 - 2017 Pays - Bas JeremainLens 36 A
26%
2024 - Turquie LeventMercan 13 D
26%
2020 - 2021 Sénégal MameThiam 34 A
26%
2017 - 2020 Turquie MehmetEkici 49 M
26%
2018 - 2019 Suisse MichaelFrey 23 A
26%
2023 - 2024 Bosnie RadeKrunic 22 M
26%
2018 - 2019 Ghana AndréAyew 38 A
23%
2023 - 2025 Turquie CengizUnder 43 A
23%
2024 - 2025 Brésil DiegoCarlos 5 D
23%
2012 - 2015 Turquie EgemenKorkmaz 83 D
23%
2024 - 2025 Serbie FilipKostic 35 M/A
23%
2021 - 2022 Allemagne MergimBerisha 32 A
23%
2023 - 2024 Angleterre RyanKent 19 A
23%
2018 - 2020 Nigéria VictorMoses 23 D/M/A
23%
2019 - 2020 Iran AllahyarSayyadmanesh 3 A
21%
2024 - 2025 France Allan Saint - Maximin 31 A
21%
2010 - 2011 Espagne DaniGuiza 4 A
21%
2021 - 20232024 - 2025 Turquie ErtugrulCetin 7 G
21%
2010 - 2012 Sénégal IssiarDia 48 A
21%
2022 - 2024 Norvège JoshuaKing 54 A
21%
2018 - 20192021 - 2022 Turquie BerkeOzer 20 G
18%
2022 - 2023 MacédoineDu Nord EzgjanAlioski 26 D
18%
2022 - 2023 Brésil GustavoHenrique 23 D
18%
2022 - 2023 Italie JoaoPedro 28 A
18%
2010 - 2014 Nigéria JosephYobo 114 D
18%
2015 - 2016 Serbie LazarMarkovic 21 A
18%
2022 - 2024 Brésil LuanPeres 24 D
18%
2021 - 2022 Allemagne MaxMeyer 12 M
18%
2020 - 2023 Turquie NazimSangaré 50 D
18%
2012 - 20142016 - 2017 Turquie SalihUcan 67 M
18%
2022 - 2024 Turquie SametAkaydin 41 D
18%
2015 - 2019 Turquie SenerOzbayrakli 110 D
18%
2020 - 2021 Turquie SinanGumus 22 A
18%
2017 - 2018 Pays - Bas VincentJanssen 18 A
18%
2023 - 2025 Turquie YusufAkcicek 27 D
18%
2010 - 2014 Brésil Cristian 159 M
15%
2014 - 2016 Brésil Diego 75 M
15%
2020 - 2022 RépubliqueTchèque FilipNovak 51 D
15%
2016 - 2017 Pays - Bas GregoryVan Der Wiel 17 D
15%
2020 - 2021 Suisse KemalAdemi 8 A
15%
2023 - 2024 Italie LeonardoBonucci 13 D
15%
2022 - 2024 Brésil Lincoln 36 M
15%
2018 - 2021 Turquie SadikCiftpinar 27 D
15%
2021 - 2024 Turquie SerdarDursun 74 A
15%
2018 - 2021 Turquie TolgaCigerci 37 M
15%
2010 - 2011 Sénégal MamadouNiang 33 A
13%
2020 - 20212022 - 2023 Uruguay MauricioLemos 15 D
13%
2012 - 2013 Serbie MilosKrasic 27 A
13%
2015 - 2018 Brésil Souza 136 M
13%
2018 - 2020 Allemagne TolgayArslan 33 M
13%
2011 - 2013 Cameroun HenriBienvenu 44 A
10%
2016 - 2019 Russie RomanNeustadter 108 D
10%
2019 - 2020 Guinée SimonFalette 12 D
10%
2023 - Turquie BartugElmaz 12 M
8%
2010 - 2015 Turquie BekirIrtegun 140 D
8%
2022 - 2023 Portugal Bruma 5 A
8%
2021 - 20222024 - 2025 Turquie BurakKapacak 9 D
8%
2019 - 2020 Turquie DenizTuruc 38 A
8%
2015 - 2017 Turquie ErtugrulTaskiran 6 G
8%
2019 - 20202021 - 2022 Turquie MuhammedGumuskaya 22 M
8%
2019 - 2020 Danemark Zanka 21 D
8%
2023 - 2024 Turquie ZekiDursun 2 M
8%
2016 - 2019 Maroc AatifChahechouche 70 M
5%
2017 - 2018 Turquie AhmethanKose 7 A
5%
2018 - 2019 Turquie BarisAlici 15 A
5%
2014 - 2017 Turquie CanerKoca 8 M
5%
2015 - 2017 Chypre Fabiano 31 G
5%
2010 - 2012 Brésil FabioBilica 25 D
5%
2016 - 2019 Turquie IsmailKoybasi 60 M
5%
2017 - 2018 Portugal LuisNeto 16 D
5%
2019 - 2020 Turquie MevlutErding 19 A
5%
2013 - 2016 RépbuliqueTchèque MichalKadlec 63 D
5%
2019 - 2020 Turquie MuratSaglam 5 M
5%
2016 - 2017 Ukraine OleksandrKaravaev 6 D
5%
2018 - 2019 Turquie OmerCaki 1 D
5%
2020 - 2021 Turquie OytunOzdogan 2 G
5%
2010 - 2012 Turquie OzerHurmaci 40 M
5%
2011 - 2013 Suisse RetoZiegler 59 D
5%
2011 - 2013 Turquie SezerOzturk 17 M
5%
2023 - 2024 Turquie UmutNayir 13 A
5%
2014 - 2016 Turquie UygarZeybek 18 M
5%
2010 - 2011 Brésil AndréSantos 33 D
3%
2014 - 2015 Turquie AzizCeylan 2 A
3%
2010 - 2011 Turquie Colin Kazim - Richards 7 A
3%
2019 - 2020 Turquie EmirKoksal 1 D
3%
2014 - 20162017 - 2018 Turquie ErtenErsu 4 G
3%
2010 - 2011 Turquie GokayIravul 18 M
3%
2010 - 2011 Turquie GokhanUnal 8 A
3%
2018 - 2019 Turquie MahsunCapkan 2 A
3%
2014 - 2016 Turquie MelihOkutan 4 A
3%
2023 - 2024 Turquie MuhammetImre 1 M
3%
2019 - 2021 Turquie OmerBeyaz 8 M
3%
2013 - 2017 Turquie RamazanCivelek 18 D
3%
2011 - 2013 Turquie RecepNiyaz 10 M
3%
2015 - 2018 Turquie SamedKarakoc 11 M
3%
2013 - 2014 Suède SamuelHolmen 7 M
3%
2010 - 2013 Turquie SerkanKirintili 7 G
3%
2010 - 2012 Turquie UgurBoral 6 D/M
3%
2020 - 2021 Turquie Ugur KaanYildiz 1 M
3%
2016 - 2017 Turquie AbdurrahmanCanli 3 M
0%
2021 - 2022 Turquie Arda OkanKurtulan 1 M
0%
2011 - 2012 Turquie BerkElitez 1 A
0%
2012 - 2013 Turquie BeykanSimsek 3 A
0%
2021 - 2022 Turquie CagtayKurukalip 2 D
0%
2023 - 2024 Turquie CegriFedai 1 A
0%
2023 - 2024 Turquie EfekanKarayazi 2 M
0%
2015 - 2016 Turquie EgemenZengin 1 D
0%
2023 - 2024 Turquie EmirhanAkutcu 1 A
0%
2019 - 2020 Turquie EmreNasuh 1 M
0%
2016 - 2017 Turquie ErdiSehit 2 M
0%
2020 - 2021 Turquie EyupAkcan 1 M
0%
2020 - 2022 Turquie FatihSanliturk 4 M
0%
2023 - 2024 Turquie FurkanAkyuz 2 G
0%
2014 - 2015 Turquie HakanCinemre 1 D
0%
2010 - 2011 Turquie HasanErbey 1 D
0%
2010 - 2011 Turquie IlhanEker 4 D
0%
2016 - 2017 Turquie KaanOzdemir 2 D
0%
2023 - 2024 Turquie KeremKayaarasi 1 A
0%
2013 - 2015 Turquie MuhammedAkarslan 4 M
0%
2024 - 2025 Turquie MuharremCizgili 1 D
0%
2023 - 2024 Turquie MustafaAkyldiz 1 D
0%
2017 - 2019 Turquie Oguz KaganGuctekin 16 M
0%
2010 - 2011 Turquie OkanAlkan 3 D
0%
2011 - 2013 Turquie OzgurCek 9 D
0%
2014 - 2017 Turquie SavasPolat 11 D
0%
2015 - 2016 Turquie SemihErgul 1 A
0%
2011 - 2016 Turquie SerdarKesimal 38 D
0%
2020 - 2021 Turquie SerhatAhmetoglu 1 D
0%
2017 - 2018 Turquie SerhatKot 3 D
0%
2023 - 2024 Turquie UmitcanOkan 1 D
0%
2015 - 2016 Turquie YasirSubasi 2 D
0%
2016 - 2019 Turquie YigithanGuveli 12 D
0%
Aucun quiz correspondant
Distribution des résultats
% des personnes avec chaque résultat
Percentile par nombre de réponses
Votre historique - résultats
Vous n’avez pas pris ce quiz